« Retourner aux résultats de recherche
Petit Blond de la Casbah (Le)
| Auteur principal: | Alexandre Arcady |
|---|---|
| D'autres auteurs: | Armand Amar Anne-Sophie Versnaeyen Léo Campion Marie Gillain Françoise Fabian Christian Berkel Pascal Elbé Michel Boujenah |
| Support: | DVD |
| Langue: | Francais |
| Genre: |
Film |
| Sujets: | |
| Étiquettes: |
Ajouter
Pas de Tags !
|
| LEADER | 01502ngm0a2200277 450 | ||
|---|---|---|---|
| 001 | 16848111 | ||
| 100 | |a 20240109d2024 u u0frey01 ba | ||
| 101 | 0 | |a fre | |
| 102 | |a FR | ||
| 200 | 0 | |a Petit Blond de la Casbah (Le) |f Alexandre Arcady, réal. |g Armand Amar, Anne-Sophie Versnaeyen, comp. - Alexandre Arcady, scénario - Léo Campion, Marie Gillain, Françoise Fabian, Christian Berkel, Pascal Elbé, Michel Boujenah, ... [et al.] act. | |
| 207 | 1 | |a | |
| 215 | |a 1 DVD vidéo monoface zone 2 (2 h 02 min) |c 16/9, coul., (PAL), Son. (Dolby Digital 5.1; français) | ||
| 300 | |a Langues principales : français; | ||
| 330 | |a Un réalisateur de cinéma revient avec son fils à Alger pour présenter son nouveau film qui raconte l'histoire de son enfance et de sa famille dans l'Algérie des années 1960. Le cinéaste se promène dans sa ville natale et, à travers les souvenirs d'un petit garçon pas tout à fait comme les autres, il nous fait revivre les moments de bonheur, de rires et de larmes de son enfance algéroise. | ||
| 700 | 0 | |a Arcady |b Alexandre |4 370 | |
| 702 | 0 | |a Amar |b Armand |4 230 | |
| 702 | 0 | |a Versnaeyen |b Anne-Sophie |4 230 | |
| 702 | 0 | |a Campion |b Léo |4 5 | |
| 702 | 0 | |a Gillain |b Marie |4 5 | |
| 702 | 0 | |a Fabian |b Françoise |4 5 | |
| 702 | 0 | |a Berkel |b Christian |4 5 | |
| 702 | 0 | |a Elbé |b Pascal |4 5 | |
| 702 | 0 | |a Boujenah |b Michel |4 5 | |
| 900 | |a Film | ||
| 901 | |a Accessible au prêt | ||
| 995 | |a Bibliothèque |c Bibliothèque |f 00156010548329 |h 00156010548329 |k F ARC |o p |q a |r gd |e Bibliothèque | ||
